LIBRARY & INFORMATION CENTRE, KCAET, TAVANUR

ONLINE PUBLIC ACCESS CATALOGUE (OPAC)

Kalyanasaugandhikam / (Record no. 5009)

MARC details
000 -LEADER
fixed length control field 00405cam a2200169ua 4500
041 ## - LANGUAGE CODE
Language code of text/sound track or separate title mal
082 ## - DEWEY DECIMAL CLASSIFICATION NUMBER
Classification number 894.8121
Item number KUN/KA
100 ## - MAIN ENTRY--AUTHOR NAME
Personal name Kunchan Nambiar, .
245 ## - TITLE STATEMENT
Title Kalyanasaugandhikam /
260 ## - PUBLICATION, DISTRIBUTION, ETC. (IMPRINT)
Place of publication Kozhikode :
Name of publisher Touring book stall.
300 ## - PHYSICAL DESCRIPTION
Number of Pages 95 ; .
942 ## - ADDED ENTRY ELEMENTS (KOHA)
Koha item type Books
Holdings
Withdrawn status Lost status Damaged status Home library Current library Date acquired Full call number Accession Number Koha item type
      KAUAET KAUAET 07/04/2012 894.8121 13238 Books
free website counter